New Jersey Municipalities by Decade Quiz Stats

 Plays Quiz not verified by Sporcle

Score 0/225 Timer 10:00
1 Play Today
Census Municipality % Correct
1930Newark
99.5%
1940Newark
99.5%
1950Newark
99.5%
1960Newark
99.5%
1970Newark
99.5%
1980Newark
99.5%
1990Newark
99.5%
2000Newark
99.5%
2010Newark
99.5%
1930Jersey City
96.7%
1940Jersey City
96.7%
1950Jersey City
96.7%
1960Jersey City
96.7%
1970Jersey City
96.7%
1980Jersey City
96.7%
1990Jersey City
96.7%
2000Jersey City
96.7%
2010Jersey City
96.7%
1930Camden
95.1%
1940Camden
95.1%
1950Camden
95.1%
1960Camden
95.1%
1970Camden
95.1%
1980Camden
95.1%
1990Camden
95.1%
2000Camden
95.1%
2010Camden
95.1%
1930Trenton
94.5%
1940Trenton
94.5%
1950Trenton
94.5%
1960Trenton
94.5%
1970Trenton
94.5%
1980Trenton
94.5%
1990Trenton
94.5%
2000Trenton
94.5%
2010Trenton
94.5%
1930Elizabeth
92.9%
1940Elizabeth
92.9%
1950Elizabeth
92.9%
1960Elizabeth
92.9%
1970Elizabeth
92.9%
1980Elizabeth
92.9%
1990Elizabeth
92.9%
2000Elizabeth
92.9%
2010Elizabeth
92.9%
1930Paterson
92.3%
1930Atlantic City
92.3%
1940Paterson
92.3%
1940Atlantic City
92.3%
1950Paterson
92.3%
1950Atlantic City
92.3%
1960Paterson
92.3%
1960Atlantic City
92.3%
1970Paterson
92.3%
1970Atlantic City
92.3%
1980Paterson
92.3%
1990Paterson
92.3%
2000Paterson
92.3%
2010Paterson
92.3%
1930Hoboken
89.1%
1940Hoboken
89.1%
1950Hoboken
89.1%
1960Hoboken
89.1%
1960Edison Twp.
87.4%
1970Edison Twp.
87.4%
1980Edison Twp.
87.4%
1990Edison Twp.
87.4%
2000Edison Twp.
87.4%
2010Edison Twp.
87.4%
1950Union Twp.
86.9%
1960Union Twp.
86.9%
1970Union Twp.
86.9%
1980Union Twp.
86.9%
1990Union Twp.
86.9%
2000Union Twp.
86.9%
Census Municipality % Correct
2010Union Twp.
86.9%
1930Passaic
85.2%
1940Passaic
85.2%
1950Passaic
85.2%
1960Passaic
85.2%
1970Passaic
85.2%
1980Passaic
85.2%
1990Passaic
85.2%
2000Passaic
85.2%
2010Passaic
85.2%
1980Dover Twp.
83.6%
1990Dover Twp.
83.6%
2000Dover Twp.
83.6%
2010Toms River Twp.
83.6%
1930New Brunswick
82.5%
1940New Brunswick
82.5%
1950New Brunswick
82.5%
1960New Brunswick
82.5%
1930East Orange
82%
1940East Orange
82%
1950East Orange
82%
1960East Orange
82%
1970East Orange
82%
1980East Orange
82%
1990East Orange
82%
2000East Orange
82%
2010East Orange
82%
1930Bayonne
81.4%
1940Bayonne
81.4%
1950Bayonne
81.4%
1960Bayonne
81.4%
1970Bayonne
81.4%
1980Bayonne
81.4%
1990Bayonne
81.4%
2000Bayonne
81.4%
2010Bayonne
81.4%
1970Cherry Hill Twp.
78.7%
1980Cherry Hill Twp.
78.7%
1990Cherry Hill Twp.
78.7%
2000Cherry Hill Twp.
78.7%
2010Cherry Hill Twp.
78.7%
1930Orange
77.6%
1940Orange
77.6%
1950Orange
77.6%
1930Union City
76.5%
1940Union City
76.5%
1950Union City
76.5%
1960Union City
76.5%
1970Union City
76.5%
1980Union City
76.5%
1990Union City
76.5%
2000Union City
76.5%
2010Union City
76.5%
1960Woodbridge Twp.
76%
1970Woodbridge Twp.
76%
1980Woodbridge Twp.
76%
1990Woodbridge Twp.
76%
2000Woodbridge Twp.
76%
2010Woodbridge Twp.
76%
1930Hamilton Twp.
75.4%
1940Hamilton Twp.
75.4%
1950Hamilton Twp.
75.4%
1960Hamilton Twp.
75.4%
1970Hamilton Twp.
75.4%
1980Hamilton Twp.
75.4%
1990Hamilton Twp.
75.4%
2000Hamilton Twp.
75.4%
2010Hamilton Twp.
75.4%
1930Clifton
74.9%
1940Clifton
74.9%
1950Clifton
74.9%
1960Clifton
74.9%
1970Clifton
74.9%
1980Clifton
74.9%
1990Clifton
74.9%
Census Municipality % Correct
2000Clifton
74.9%
2010Clifton
74.9%
1930Perth Amboy
73.2%
1940Perth Amboy
73.2%
1950Perth Amboy
73.2%
1980Brick Twp.
72.1%
1990Brick Twp.
72.1%
2000Brick Twp.
72.1%
2010Brick Twp.
72.1%
1970Vineland
71.6%
1980Vineland
71.6%
1990Vineland
71.6%
2000Vineland
71.6%
2010Vineland
71.6%
1930West New York
71%
1940West New York
71%
1950West New York
71%
1930Irvington Twp.
70.5%
1940Irvington Twp.
70.5%
1950Irvington Twp.
70.5%
1960Irvington Twp.
70.5%
1970Irvington Twp.
70.5%
1980Irvington Twp.
70.5%
1990Irvington Twp.
70.5%
2000Irvington Twp.
70.5%
1970Middletown Twp.
68.9%
1980Middletown Twp.
68.9%
1990Middletown Twp.
68.9%
2000Middletown Twp.
68.9%
2010Middletown Twp.
68.9%
2000Lakewood Twp.
67.2%
2010Lakewood Twp.
67.2%
1930North Bergen Twp.
66.1%
1940North Bergen Twp.
66.1%
1950North Bergen Twp.
66.1%
1960North Bergen Twp.
66.1%
1970North Bergen Twp.
66.1%
1980North Bergen Twp.
66.1%
1990North Bergen Twp.
66.1%
2000North Bergen Twp.
66.1%
2010North Bergen Twp.
66.1%
1930Plainfield
64.5%
1940Plainfield
64.5%
1950Plainfield
64.5%
1960Plainfield
64.5%
1930Kearny
63.9%
1940Kearny
63.9%
1950Kearny
63.9%
1970Wayne Twp.
63.9%
1970Madison Twp.
63.4%
1980Old Bridge Twp.
63.4%
1990Old Bridge Twp.
63.4%
2000Old Bridge Twp.
63.4%
2010Old Bridge Twp.
63.4%
1960Linden
60.1%
1990Gloucester Twp.
57.9%
2000Gloucester Twp.
57.9%
2010Gloucester Twp.
57.9%
1930Montclair
56.8%
1930Bloomfield
56.8%
1940Bloomfield
56.8%
1940Montclair
56.8%
1950Bloomfield
56.8%
1950Montclair
56.8%
1960Bloomfield
56.8%
1960Montclair
56.8%
1970Parsippany-Troy Hills Twp.
56.8%
1970Bloomfield
56.8%
1980Parsippany-Troy Hills Twp.
56.8%
1980Bloomfield
56.8%
1990Parsippany-Troy Hills Twp.
56.8%
2010Franklin Twp.
56.3%
1960Teaneck Twp.
53.6%
1940Belleville
41.5%
1930Garfield
36.1%

You're not logged in!

Compare scores with friends on all Sporcle quizzes.
OR
Log In

Sporcle TV

Today on Sporcle TV


Watch our educational content, quiz creation guides, and fun videos on Sporcle TV.

Show Comments

Extras

Top Quizzes Today


Score Distribution

Your Account Isn't Verified!

In order to create a playlist on Sporcle, you need to verify the email address you used during registration. Go to your Sporcle Settings to finish the process.

Report this User

Report this user for behavior that violates our Community Guidelines.

Details: